| 000 | 01731nam a2200445Ii 4500 | ||
|---|---|---|---|
| 001 | DIGECOED0157 | ||
| 003 | NyNyDIG | ||
| 006 | m o d | ||
| 007 | cr ||||||||||| | ||
| 008 | 210102s2011 ck a ob 000 0 spa d | ||
| 035 | _a(OCoLC)1287831859 | ||
| 040 |
_aDGITA _beng _erda _epn _cDGITA |
||
| 020 |
_a9789586489409 _qeBook |
||
| 020 | _z9789586487238 | ||
| 043 | _as-ck--- | ||
| 050 | 1 | 4 | _aQ180.A1 ebook |
| 082 | 0 | 4 | _a001.42 |
| 100 | 1 |
_aLerma González, Héctor Daniel, _eauthor. |
|
| 245 | 1 | 0 |
_aPresentación de informes : _bel documento de final de investigación / _cHéctor Daniel Lerman. |
| 264 | 1 |
_aBogotá, D.C. : _bEcoe Ediciones, _c2011. |
|
| 300 |
_a1 online resource : _billustrations. |
||
| 336 |
_atext _btxt _2rdacontent |
||
| 337 |
_acomputer file _bc _2rdamedia |
||
| 338 |
_aonline resource _bcr _2rdacarrier |
||
| 347 |
_atext file _2rdaft |
||
| 347 | _bPDF | ||
| 490 | 1 | _aTextos Universitarios. Educación y Pedagogía | |
| 504 | _aIncludes bibliographical references and index. | ||
| 588 | 0 | _aOnline resource; title from PDF title page (Digitalia, viewed November 2, 2021) | |
| 650 | 0 |
_aResearch _xMethodology. |
|
| 650 | 0 |
_aScience _xMethodology. |
|
| 655 | 0 | _aElectronic books. | |
| 776 | 0 | 8 |
_iPrint version: _aLerma González, Héctor Daniel. _tPolítica regulativa en la educación superior. _bTercera edición. _dBogotá, D.C. : Ecoe Ediciones, 2011. _z9789586487238 |
| 791 | 2 |
_aDigitalia (Firm), _edistributor. |
|
| 793 | 0 |
_gDigitalia eBook Collection: _aEcoe Ediciones |
|
| 830 | 0 | _aColección Textos universitarios (ECOE Ediciones) | |
| 856 | 4 | 0 |
_3Digitalia Hispánica _uhttps://www.digitaliapublishing.com/a/30023/ |
| 910 | _aPremium collection: 2021 | ||
| 942 | _cRAA | ||
| 999 |
_c240187 _d240187 |
||